Fejezetek a csehszlovákiai magyarok történetéből a második évtized - Válság, radikalizmus és egységtörekvések III.

Bibliographic Details
Main Author: Simon, Attila, 1966- (Author)
Format: Article
Language:Hungarian
PhysicalDescription:Fotogr.
ISSN:1335-6631
Subjects:

MARC

LEADER 00000nab a2200000 ar4500
001 vtls009083498
003 SK-MaSNL
005 20260318122000.0
008 070531c2007 xo |||||||| 000 b|hun
015 |a SNBRB2007/07  |2 snkbucl 
038 |a SNKBUCL 
040 |a DSZK  |b slo  |c DSZK  |e AACR2  |d SNKBUCL 
041 0 |a hun 
044 |a xo  |c SK 
080 |a 94(=511.141)  |x (437)  |x "1930/1935"  |2 1997 
080 |a 94(437)  |x "1930/1935"  |2 1997 
080 |a 94(437.6)  |x "1930/1935"  |2 1997 
080 |a 323.15  |x (=511.141)  |x (437)  |x "1930/1935"  |2 1997 
100 1 |a Simon, Attila,  |d 1966-  |4 aut  |9 103394 
245 1 0 |a Fejezetek a csehszlovákiai magyarok történetéből  |b a második évtized - Válság, radikalizmus és egységtörekvések  |n III.  |c Simon Attila 
300 |b Fotogr. 
500 |a Pokračovanie 
648 7 |a 1930-1935  |2 snkbucl  |9 432413 
650 0 7 |a Maďari  |z Česko-Slovensko  |y 1930-1935  |2 snkbucl  |9 1589568 
651 7 |a Československo  |x dejiny  |2 snkbucl  |9 161432 
773 0 |t Szabad újság  |g Évf. XV, sz. 26 (2007), o. 16  |x 1335-6631 
852 |a SNK  |b KIS3GCP 
852 |a DSZK  |b KIS3GCP 
958 |a HU 
958 |a SK 
958 |a CZ 
999 |c 3257828  |d 3259758